<?xml version="1.0" encoding="UTF-8"?><?xml-stylesheet type="text/xsl" href="static/style.xsl"?><OAI-PMH xmlns="http://www.openarchives.org/OAI/2.0/" xmlns:xsi="http://www.w3.org/2001/XMLSchema-instance" xsi:schemaLocation="http://www.openarchives.org/OAI/2.0/ http://www.openarchives.org/OAI/2.0/OAI-PMH.xsd"><responseDate>2026-04-13T02:50:53Z</responseDate><request verb="GetRecord" identifier="oai:www.recercat.cat:2072/477704" metadataPrefix="marc">https://recercat.cat/oai/request</request><GetRecord><record><header><identifier>oai:recercat.cat:2072/477704</identifier><datestamp>2025-02-03T23:34:53Z</datestamp><setSpec>com_2072_98</setSpec><setSpec>col_2072_378192</setSpec></header><metadata><record xmlns="http://www.loc.gov/MARC21/slim" xmlns:dcterms="http://purl.org/dc/terms/" xmlns:xsi="http://www.w3.org/2001/XMLSchema-instance" xmlns:doc="http://www.lyncode.com/xoai" xsi:schemaLocation="http://www.loc.gov/MARC21/slim http://www.loc.gov/standards/marcxml/schema/MARC21slim.xsd">
   <leader>00925njm 22002777a 4500</leader>
   <datafield ind2=" " ind1=" " tag="042">
      <subfield code="a">dc</subfield>
   </datafield>
   <datafield ind2=" " ind1=" " tag="720">
      <subfield code="a">Langemeyer, Johannes</subfield>
      <subfield code="e">author</subfield>
   </datafield>
   <datafield ind2=" " ind1=" " tag="720">
      <subfield code="a">Benra, Felipe</subfield>
      <subfield code="e">author</subfield>
   </datafield>
   <datafield ind2=" " ind1=" " tag="720">
      <subfield code="a">Nahuelhual, Laura</subfield>
      <subfield code="e">author</subfield>
   </datafield>
   <datafield ind2=" " ind1=" " tag="720">
      <subfield code="a">Zoderer, Brenda Maria</subfield>
      <subfield code="e">author</subfield>
   </datafield>
   <datafield ind2=" " ind1=" " tag="260">
      <subfield code="c">2024</subfield>
   </datafield>
   <datafield ind2=" " ind1=" " tag="520">
      <subfield code="a">Altres ajuts: acords transformatius de la UAB</subfield>
   </datafield>
   <datafield ind2=" " ind1=" " tag="520">
      <subfield code="a">Unidad de excelencia María de Maeztu CEX2019-000940-M</subfield>
   </datafield>
   <datafield ind2=" " ind1=" " tag="520">
      <subfield code="a">Ecosystem services justice is an emergent research field. Over the past decade, research on ecosystem services has increasingly developed a justice perspective and incorporated it into its conceptual and empirical frameworks. This perspective aims at providing a review of the emergent strands of research addressing ecosystem services justice, and at creating an outlook on future research needs and frontiers. The review departs from central critiques to the ecosystem service approach, which have been foundational for the research field of ecosystem services justice. To be precise, we address three different research strands on which justice issues arise. First, ecosystem services production, considering the (increasing) commodification of ecosystem services, the concentration of ecosystem services production assets and the role of trade-offs in production capacities. Second, the distribution of ecosystem services benefits under the aspects of unequal vulnerabilities, the consideration of accessibility and individual's capabilities to obtain ecosystem services. Third, the recognition of ecosystem services pluralisms, including socially differentiated forms of wellbeing, plural values and knowledge concerning ecosystem services. While ES justice has strongly advanced from a scientific perspective, we are still lacking a stronger reflection of these advances in practice. Future research, we argue, needs to develop holistic procedural frameworks for integrating the complexity of ecosystem services justice, addressing the ecosystem services production under consideration of historic inequalities, the distribution of ecosystem services benefits with respect to people's diverse needs, vulnerabilities, and capabilities, as well as diverse wellbeing-, value-, and knowledge-systems. The social-ecological understanding of ecosystem services co-production, which recognizes the dynamic and reciprocal relationship between humans and ecosystems, is identified as a crucial framing for this endeavor.</subfield>
   </datafield>
   <datafield tag="653" ind2=" " ind1=" ">
      <subfield code="a">Access</subfield>
   </datafield>
   <datafield tag="653" ind2=" " ind1=" ">
      <subfield code="a">Benefits</subfield>
   </datafield>
   <datafield tag="653" ind2=" " ind1=" ">
      <subfield code="a">Biodiversity</subfield>
   </datafield>
   <datafield tag="653" ind2=" " ind1=" ">
      <subfield code="a">Environmental justice</subfield>
   </datafield>
   <datafield tag="653" ind2=" " ind1=" ">
      <subfield code="a">Framework</subfield>
   </datafield>
   <datafield tag="653" ind2=" " ind1=" ">
      <subfield code="a">Ipbes</subfield>
   </datafield>
   <datafield tag="653" ind2=" " ind1=" ">
      <subfield code="a">Natures contributions</subfield>
   </datafield>
   <datafield tag="653" ind2=" " ind1=" ">
      <subfield code="a">People</subfield>
   </datafield>
   <datafield tag="653" ind2=" " ind1=" ">
      <subfield code="a">Valuation</subfield>
   </datafield>
   <datafield tag="653" ind2=" " ind1=" ">
      <subfield code="a">Values</subfield>
   </datafield>
   <datafield ind2="0" ind1="0" tag="245">
      <subfield code="a">Ecosystem services justice : the emergence of a critical research field</subfield>
   </datafield>
</record></metadata></record></GetRecord></OAI-PMH>